000 00583nam a2200241Ia 4500
005 20250425162349.0
008 250425s9999 xx 000 0 und d
020 _a9702608120
041 _aspa
082 _a621.8
100 _aMOTT, ROBERT L.
245 0 _aDISEÑO DE ELEMENTOS DE MAQUINAS
250 _a4A ED.
260 _aMéxico
_bPEARSON EDUCACION
_c2006
260 _aNAUCALPAN DE JUAREZ
300 _a944
650 _aCOJINETES
650 _aDISEÑO DE MAQUINAS
650 _aENGRANAJES
650 _aTENSION (MECANICA)
942 _c01
010 _a66262
999 _c227747
_d227747